| 000 | 00845cam a22002415a 4500 | ||
|---|---|---|---|
| 003 | OSt | ||
| 005 | 20201124141938.0 | ||
| 008 | 080902s1978 ua|||||fr||| 00110 aaradd | ||
| 020 | _a9772472082 | ||
| 040 |
_aEG-Sc BUE _bara _cEG-Sc BUE |
||
| 082 | 0 | 4 |
_a181.0297 _bن ش ا _222 |
| 245 | 1 | 0 |
_aمناهج البحث عند مفكري الإسلام : _bواكتشاف المنهج العلمي في العالم الإسلامي / _cتأليف علي سامي النشار |
| 250 | _aط4 | ||
| 260 |
_aالقاهرة : _bدار المعارف ، _c1978. |
||
| 300 |
_a303 ص ؛ _c24 سم . |
||
| 500 | _aيشتمل علي فهارس | ||
| 504 | _aببليوجرافية: ص279-289 | ||
| 541 |
_aالف باء؛ _cشراء؛ |
||
| 590 | _adoaa mohamed | ||
| 651 | _2BUEsh | ||
| 653 |
_cAugust2015 _bARALIT |
||
| 942 |
_cBB _k189ن ش ا _2ddc |
||
| 999 |
_c6009 _d6009 |
||